LEADER 01107nam a2200205 4500 001 000000346861 003 CaOOAMICUS 005 20251106085539.0 008 210701s2015 it 000 u ita r 040 $aSeMil$bita 100 1 $aGramsci, Antonio,$d<1891-1937>.$0(OLS)http://semarc/name/261 245 10$a1: Scritti (1910-1926) /$cAntonio Gramsci. 264 1$aRoma :$bIstituto della Enciclopedia Italiana,$c2015-2019. 300 $a8 v. ;$c25 cm 773 0 $aGramsci, Antonio <1891-1937>$tEdizione nazionale degli scritti di Antonio Gramsci .$dRoma : Istituto della Enciclopedia Italiana, 2019-$g1$w()346860 774 0 $aGramsci, Antonio <1891-1937>$t1: 1910-1916.$dRoma : Istituto della Enciclopedia Italiana, 2015-2019.$z88-12-00580-2$z978-88-12-00839-1$w()346862 774 0 $aGramsci, Antonio <1891-1937>$t3: 1918.$dRoma : Istituto della Enciclopedia Italiana, 2023.$z978-88-12-01154-4$w()359147 996 $6245$a1: Scritti (1910-1926)$9(OLS)http://semarc/title/436085 996 $6264$aRoma :$bIstituto della Enciclopedia Italiana$9(OLS)http://semarc/publisher/30014 LEADER 00731nam a2200193 i 4500 001 000000207430 003 CaOOAMICUS 005 20111028000000.0 008 111028n it u000 u ita u 013 $a186208 040 $aSeMil$bita 245 10$a[2]. 300 $aP. VII, 690-1254. 490 0 $aBiblioteca di cultura storica ;$v15 773 0 $aSalvatorelli, Luigi <1886-1974>$tProfilo della storia d'Europa.$bSeconda edizione riveduta e migliorata.$dTorino : Einaudi, 1944.$g2$w()25668 830 0$aBiblioteca di cultura storica ;$v15.$0(OLS)http://semarc/title/365 850 $aSeMil 852 $aSeMil$W1$xVenegono$y1$m3U IV 157$j157892$B157892$CSeMilBibl$Z2$F169132 $81 996 $6245$a[2]$9(OLS)http://semarc/title/54267